[Event "17th CRO-chT 1b"]
[Site "Sibenik CRO"]
[Date "2008.09.05"]
[Round "9"]
[White "Ramesa,M"]
[Black "Plenkovic,Z"]
[Result "1/2-1/2"]
[WhiteElo "2200"]
[BlackElo "2346"]

1.d4 g6 2.Nf3 Bg7 3.c4 d6 4.Nc3 Nd7 5.e4 e5 6.Be2 Ngf6 7.O-O O-O 8.Re1 Re8
9.Bf1 exd4 10.Nxd4 c6 11.Bf4 Ne5 12.Qd2 Nh5 13.Bg5 Qa5 14.Nb3 Qb4 15.Nd1 Qxd2
16.Bxd2 f5 17.f4 Nf7 18.Bd3 fxe4 19.Rxe4 Rxe4 20.Bxe4 Bg4 21.Ne3 Bd7 22.g3 Re8
23.Bf3 Nf6 24.Re1 Ne4 25.Bc1 Nf6 26.Nc2 Rxe1+ 27.Nxe1 Be6 28.Na5 Nd8 29.Be3 Nd7
30.Nd3 Bf5 31.Nf2 Bxb2 32.g4 Bb1 33.Ne4 Ba3 34.Nc3 Bd3 35.Be4 Bxe4 36.Nxe4 b6
37.Nb3 Nb7 38.Kf2 c5 39.Kf3 Bb2 40.Bf2 Nf6 41.Bg3 Kf7 42.Nxf6 Bxf6 43.Ke4 Ke6
44.f5+ gxf5+ 45.gxf5+ Kd7 46.Kd5 Be7 47.Nd2 Nd8 48.Ne4 Nc6 49.a3 Nd4 50.f6 Nf5
51.Bf4 Bd8 52.a4 a6 53.h3 h6 54.Bc1 Bc7 55.Bf4 Bd8 56.Bc1 Bc7 57.Bf4 Bd8  1/2-1/2

[Event "SuperLiga-ROM"]
[Site "Eforie Nord ROM"]
[Date "2008.09.06"]
[Round "6"]
[White "Nanu,C"]
[Black "Nemeth,F"]
[Result "1/2-1/2"]
[WhiteElo "2514"]
[BlackElo "2453"]

1.d4 Nf6 2.c4 g6 3.Nc3 Bg7 4.e4 O-O 5.Nf3 d6 6.Be2 e5 7.O-O Na6 8.Be3 Ng4
9.Bg5 Qe8 10.dxe5 dxe5 11.h3 f6 12.Bd2 Nh6 13.Be3 c6 14.c5 Nc7 15.Nd2 Nf7
16.Nc4 Ne6 17.b4 Nf4 18.Re1 Nxe2+ 19.Qxe2 Be6 20.Rad1 Qc8 21.Na4 Qc7 22.Nab2 Rfd8
23.a3 Bf8 24.Rxd8 Rxd8 25.Rd1 Be7 26.Rxd8+ Bxd8 27.Qd2 Qd7 28.Qxd7 Bxd7 29.f3 Bc7
30.Kf2 Kf8 31.Ke2 Ke7 32.Kd3 Be6 33.a4 Bxc4+ 34.Kxc4 a6 35.Nd3 Kd7 36.g4 Ke6
37.Nf2 Bd8 38.Kd3 Be7  1/2-1/2

[Event "DMP Ekstraliga"]
[Site "Karpacz POL"]
[Date "2008.09.06"]
[Round "1"]
[White "Matlak,Mare"]
[Black "Skalski,M"]
[Result "1/2-1/2"]
[WhiteElo "2480"]
[BlackElo "2459"]

1.Nf3 Nf6 2.c4 g6 3.Nc3 Bg7 4.e4 d6 5.d4 O-O 6.Be2 Nbd7 7.O-O e5 8.Re1 Re8
9.Bf1 h6 10.Rb1 Nh7 11.dxe5 dxe5 12.Be3 c6 13.Qd2 h5 14.Rbd1 Qe7 15.Qd6 Qxd6
16.Rxd6 Bf8 17.Rd2 Nhf6 18.Bg5 Nh7 19.Be3 Nhf6 20.Bg5 Nh7 21.Be3 Nhf6 22.Bg5 Kg7  1/2-1/2

[Event "5th LGA Premium Cup"]
[Site "Nuernberg GER"]
[Date "2008.09.06"]
[Round "4"]
[White "Kregelin,J"]
[Black "Solonar,S"]
[Result "0-1"]
[WhiteElo "2163"]
[BlackElo "2372"]

1.d4 Nf6 2.c4 d6 3.Nc3 Nbd7 4.e4 e5 5.Nf3 g6 6.Be2 Bg7 7.O-O O-O 8.Re1 a5
9.b3 exd4 10.Nxd4 Nc5 11.f3 Nh5 12.Be3 f5 13.exf5 gxf5 14.f4 Nf6 15.Bf3 Ng4
16.Bxg4 fxg4 17.Rc1 c6 18.g3 Qf6 19.Na4 Nxa4 20.bxa4 Re8 21.Bf2 Rxe1+ 22.Qxe1 Qf7
23.Rc2 Bd7 24.Re2 Bf6 25.Qb1 Bxd4 26.Bxd4 Qxc4 27.Qb2 Re8 28.Rxe8+ Bxe8 29.f5 Bf7
30.Qd2 Kf8 31.Qh6+ Ke8 32.Qxd6 Qc1+  0-1

[Event "TCh-ESP Hon Gp2"]
[Site "Sabadell ESP"]
[Date "2008.09.06"]
[Round "4"]
[White "Bernal Moro,L"]
[Black "Torrecillas Martinez,A"]
[Result "1/2-1/2"]
[WhiteElo "2424"]
[BlackElo "2365"]

1.Nf3 Nf6 2.c4 g6 3.Nc3 Bg7 4.e4 d6 5.d4 O-O 6.Be2 e5 7.Be3 Na6 8.O-O Ng4
9.Bg5 Qe8 10.Re1 exd4 11.Nxd4 Qe5 12.Nf3 Qc5 13.Bh4 Be6 14.Nd2 h5 15.Nb3 Qb6
16.Bxg4 Bxg4 17.Qc2 Nb4 18.Qb1 Rfe8 19.Bg5 c5 20.Nd2 Be6 21.Be3 Nc6 22.Rc1 Nd4
23.Kh1 Rac8  1/2-1/2

[Event "TCh-SRB 1st League"]
[Site "Subotica SRB"]
[Date "2008.09.06"]
[Round "6"]
[White "Ostojic,N1"]
[Black "Arsovic,Z"]
[Result "1/2-1/2"]
[WhiteElo "2429"]
[BlackElo "2475"]

1.d4 Nf6 2.c4 d6 3.Nc3 e5 4.Nf3 Nbd7 5.e4 g6 6.Be2 Bg7 7.O-O O-O 8.Qc2 exd4
9.Nxd4 Re8 10.Rd1 Nc5 11.f3 Nh5 12.g4 Nf6 13.Bg5 h6 14.Bh4 c6 15.Kh1 Qe7
16.Nb3 b6 17.Bg3  1/2-1/2

[Event "3rd XtraCon EMT"]
[Site "Borup DEN"]
[Date "2008.09.07"]
[Round "4"]
[White "Madsen,PH"]
[Black "Bekker Jensen,S"]
[Result "0-1"]
[WhiteElo "2111"]
[BlackElo "2396"]

1.d4 Nf6 2.Nf3 g6 3.c4 Bg7 4.Nc3 O-O 5.e4 d6 6.Be2 Na6 7.O-O e5 8.Re1 c6
9.Bf1 Bg4 10.d5 Ne8 11.dxc6 bxc6 12.Qa4 Qc8 13.b4 Nac7 14.Rb1 Bxf3 15.gxf3 Ne6
16.b5 Nd4 17.Qd1 f5 18.bxc6 fxe4 19.Nd5 Kh8 20.Rxe4 Qxc6 21.f4 Qd7 22.Bg2 Rc8
23.Qd3 Qa4 24.Ba3 Rf7 25.Rb4 Qa5 26.Bh3 Rd8 27.Rxd4 exd4 28.Be6 Rf8 29.Ne7 Rxf4
30.Nc6 Qc7 31.Nxd8 Qxd8 32.Bc1 Rf8 33.Bd5 Nc7 34.Bb2 Qg5+ 35.Qg3 Qd2 36.Rb7 Nxd5
37.cxd5 Qe1+ 38.Kg2 Qe4+ 39.Kg1 Qe1+ 40.Kg2 Qe4+ 41.Kg1 Be5 42.Qg2 Qb1+ 43.Qf1 Qxa2
44.f4 Qxd5 45.Qa6 Bxf4 46.Kf2 Bg5+ 47.Ke1 Qh1+ 48.Ke2 Qf1+  0-1

[Event "TCh-FIN"]
[Site "Finland FIN"]
[Date "2008.09.07"]
[Round "2"]
[White "Lehtinen,H"]
[Black "Virtanen,A"]
[Result "1-0"]
[WhiteElo "2381"]
[BlackElo "2337"]

1.Nf3 Nf6 2.c4 g6 3.Nc3 Bg7 4.e4 d6 5.d4 O-O 6.Be2 e5 7.Be3 Ng4 8.Bg5 f6
9.Bh4 g5 10.Bg3 Nh6 11.d5 a5 12.h4 Na6 13.hxg5 fxg5 14.Nh2 Nc5 15.b3 Qf6
16.Bh5 Bd7 17.Qe2 b6 18.Rd1 Kh8 19.Nf1 Ng8 20.Ne3 Ne7 21.Ng4 Bxg4 22.Qxg4 h6
23.f3 Ng6 24.Bf2 Nf4 25.Bxc5 bxc5 26.Kf2 Nxh5 27.Rxh5 Qf4 28.Ke2 Qxg4 29.fxg4 a4
30.bxa4 Rab8 31.Rhh1 Rb4 32.Rhf1 Rxc4 33.Rxf8+ Bxf8 34.Kd3 Rd4+ 35.Kc2 Rb4
36.Rb1 Rb6 37.Kd3 Kg8 38.Kc4 Be7 39.a5 Ra6 40.Rb8+ Kf7 41.Kb5 Ra7 42.a6  1-0

[Event "DMP Ekstraliga"]
[Site "Karpacz POL"]
[Date "2008.09.07"]
[Round "2"]
[White "Matlak,Mare"]
[Black "Praszak,M"]
[Result "1-0"]
[WhiteElo "2480"]
[BlackElo "2235"]

1.Nf3 g6 2.c4 Bg7 3.d4 d6 4.e4 Nf6 5.Nc3 O-O 6.Be2 Nbd7 7.O-O e5 8.Re1 c6
9.Bf1 Re8 10.d5 c5 11.Rb1 Rf8 12.a3 Ne8 13.b4 Nc7 14.g3 b6 15.Nb5 Nxb5 16.cxb5 h6
17.Nh4 Kh7 18.Bd2 Nf6 19.a4 Bd7 20.Ng2 Qe7 21.f3 Ne8 22.Ne3 f5 23.bxc5 dxc5
24.exf5 gxf5 25.Nc4 e4 26.Bf4 Bd4+ 27.Kh1 Qf7 28.Ne5 Qg7 29.Nxd7 Qxd7 30.fxe4 fxe4
31.Qh5 Rxf4 32.gxf4 Nf6 33.Bh3 Qg7 34.Qf5+ Kh8 35.Rg1 Bxg1 36.Rxg1 Qe7 37.Rg6 Ng8
38.d6 Qe8 39.Re6  1-0

[Event "5th LGA Premium Cup"]
[Site "Nuernberg GER"]
[Date "2008.09.07"]
[Round "6"]
[White "Renner,Christo"]
[Black "Kordts,W"]
[Result "1-0"]
[WhiteElo "2431"]
[BlackElo "2229"]

1.d4 Nf6 2.Nf3 g6 3.c4 Bg7 4.Nc3 O-O 5.e4 d6 6.Be2 e5 7.Bg5 exd4 8.Nxd4 Nc6
9.Nxc6 bxc6 10.e5 dxe5 11.Qxd8 Rxd8 12.Ne4 Rd6 13.Nxd6 cxd6 14.Bf3 e4 15.Bxf6 Bxf6
16.Bxe4 Bxb2 17.Rb1 Bc3+ 18.Ke2 d5 19.cxd5 Ba6+ 20.Kf3 f5 21.Bc2 Re8 22.dxc6 Be2+
23.Kg3 f4+ 24.Kxf4 Kg7 25.Kg3 g5 26.f3 Be5+ 27.Kh3 h5 28.Rb7+ Kf6 29.Re1 g4+
30.Kh4 gxf3 31.gxf3 Bxf3 32.Rf1  1-0

[Event "I Liga Seniorow"]
[Site "Ustron POL"]
[Date "2008.09.07"]
[Round "2"]
[White "Brodowski,P"]
[Black "Mickiewicz,P"]
[Result "1-0"]
[WhiteElo "2424"]
[BlackElo "2347"]

1.Nf3 Nf6 2.c4 g6 3.Nc3 Bg7 4.d4 O-O 5.e4 d6 6.Be2 e5 7.O-O exd4 8.Nxd4 Re8
9.f3 Nh5 10.f4 c5 11.Nb3 Nf6 12.e5 dxe5 13.Qxd8 Rxd8 14.Nxc5 e4 15.Be3 Nc6
16.Rad1 Bg4 17.N5xe4 Nxe4 18.Bxg4 Bxc3 19.bxc3 Nxc3 20.Rd2 Re8 21.Re1 Re4
22.Rc2 Na4 23.Bf3 Re7 24.Rcc1 Rae8 25.Bf2 Nb2 26.Rxe7 Rxe7 27.Bh4 Rd7 28.Bf6 Nd3
29.Rc3 Rd6 30.Bg5 Kg7 31.Rb3 h6 32.Bh4 b6 33.Bxc6 Nc5 34.Bd5 Nxb3 35.axb3 f5
36.Bf2 g5 37.Bd4+ Kg6 38.Kf2 a5 39.Be5 Rd7 40.h3 Kh7 41.Ke3 Kg6 42.Kd4 gxf4
43.Bxf4 Ra7 44.Kc3 Re7 45.Kb2 Kh5 46.Ka3 Kh4 47.Bxh6 Kg3 48.Bf8 Rd7 49.Ka4 f4
50.Kb5 f3 51.gxf3 Rd8 52.Bg7  1-0

[Event "SuperLiga-ROM"]
[Site "Eforie Nord ROM"]
[Date "2008.09.08"]
[Round "8"]
[White "Kruppa,Y"]
[Black "Spasov,V"]
[Result "0-1"]
[WhiteElo "2547"]
[BlackElo "2589"]

1.d4 Nf6 2.c4 g6 3.Nc3 Bg7 4.e4 d6 5.Be2 O-O 6.Be3 e5 7.Nf3 Ng4 8.Bg5 f6
9.Bc1 Nc6 10.d5 Nd4 11.h3 Nxe2 12.Qxe2 Nh6 13.g4 Nf7 14.Rg1 c6 15.Bd2 Bd7
16.O-O-O a6 17.Kb1 b5 18.dxc6 Bxc6 19.Be3 bxc4 20.Nd2 d5 21.exd5 Bd7 22.Nxc4 Rb8
23.d6 f5 24.gxf5 Bxf5+ 25.Ka1 Kh8 26.Nd5 Qh4 27.Bb6 Be6 28.Bc7 Rb5 29.Nde3 e4
30.Rd2 Ne5 31.Nxe5 Bxe5 32.Kb1 Bxb2 33.a4 Rb3 34.Rxb2 Rxf2 35.Qxf2 Qxf2 36.Rxb3 Bxb3
37.d7 Qa2+ 38.Kc1 Qa1+ 39.Kd2 Qb2+  0-1

[Event "USCL 2008"]
[Site "ICC INT"]
[Date "2008.09.08"]
[Round "3"]
[White "Rodriguez,Er"]
[Black "Naroditsky,D"]
[Result "0-1"]
[WhiteElo "2259"]
[BlackElo "2313"]

1.d4 Nf6 2.c4 g6 3.Nc3 Bg7 4.e4 d6 5.Nf3 O-O 6.Be2 Na6 7.O-O e5 8.Be3 c6
9.dxe5 dxe5 10.h3 Qe7 11.a3 Nh5 12.Re1 Nf4 13.Bf1 Ne6 14.b4 Rd8 15.Qb1 Nd4
16.Nd2 Nc7 17.Nb3 Nce6 18.Ne2 b6 19.Rd1 a5 20.Bd2 Nxe2+ 21.Bxe2 a4 22.Nc1 Nd4
23.Be3 Be6 24.Bxd4 exd4 25.Bd3 Qg5 26.Kf1 Qh5 27.Ne2 Bh6 28.Qb2 Qe5 29.Kg1 b5
30.c5 Bc4 31.Qb1 Bb3 32.Rf1 Bd2 33.f4 Qg7 34.Rf3 Bc3 35.Nxc3 dxc3 36.Bc2 Qd4+
37.Kh2 Qc4 38.Rf2 Rd2 39.Rxd2 cxd2 40.Bxb3 axb3 41.Qd1 Qc2  0-1

[Event "DMP Ekstraliga"]
[Site "Karpacz POL"]
[Date "2008.09.08"]
[Round "3"]
[White "Przezdziecka,M"]
[Black "Chmiel,D"]
[Result "1-0"]
[WhiteElo "2281"]
[BlackElo "2204"]

1.d4 Nf6 2.Nf3 g6 3.c4 Bg7 4.Nc3 d6 5.e4 O-O 6.Be2 e5 7.Be3 Nc6 8.d5 Ne7
9.Nd2 c6 10.O-O cxd5 11.cxd5 Ne8 12.Nc4 f5 13.f3 f4 14.Bf2 g5 15.Nb5 b6 16.Rc1 Rf6
17.Qb3 Bd7 18.Rc2 Nc8 19.a4 Rh6 20.Rfc1 Qf6 21.Nd2 Qg6 22.Nc7 Rb8 23.Nxe8 Qxe8
24.Bb5 Rf6 25.Rc7 Bxb5 26.Qxb5 Qxb5 27.axb5 Rf8 28.R1c6 Rd8 29.Nc4 Bf8 30.Be1 Ne7
31.Rxa7 Nxc6 32.bxc6 b5 33.c7 bxc4 34.cxd8=Q Rxd8 35.Rc7 Rb8 36.Bc3 Rb5 37.Rxc4 Be7
38.Kf1 Kf7 39.Rc6 h5 40.h3 Kf6 41.Ke2 Rc5 42.Rxc5 dxc5 43.Kd3 Bd6 44.Kc4  1-0

[Event "TCh-SRB 1st League"]
[Site "Subotica SRB"]
[Date "2008.09.08"]
[Round "7"]
[White "Arsovic,Z"]
[Black "Markus,Rob"]
[Result "0-1"]
[WhiteElo "2475"]
[BlackElo "2572"]

1.d4 Nf6 2.Nf3 g6 3.c4 Bg7 4.Nc3 d6 5.e4 O-O 6.Be2 e5 7.Be3 Nbd7 8.O-O Re8
9.d5 Ng4 10.Bd2 c5 11.Ne1 Ngf6 12.g4 h6 13.g5 hxg5 14.Bxg5 Nf8 15.Kh1 N8h7
16.Be3 Nd7 17.Rg1 Ndf8 18.Qd2 f5 19.exf5 Bxf5 20.Nf3 Bf6 21.Ng5 Nxg5 22.Bxg5 Bxg5
23.Rxg5 Nh7 24.Rg3 Qh4 25.Rag1 Nf6 26.Bd3 e4 27.Be2 Kf7 28.Bf1 Nh5 29.Re3 Rh8
30.h3 Qf4 31.Qe1 Nf6 32.Reg3 Rh4 33.Qe3 Qxe3 34.Rxe3 Rah8 35.Rgg3 Nh5 36.Kg1 Kf6
37.Bg2 Ke5 38.Rg4 Bxg4 39.Rxe4+ Kf5 40.hxg4+ Rxg4 41.Rxg4 Kxg4 42.Ne4 Rd8
43.f3+ Kf4 44.Kf2 Ng7 45.Nc3 Ke5 46.Ne2 g5  0-1

[Event "I Liga Seniorow"]
[Site "Ustron POL"]
[Date "2008.09.08"]
[Round "3"]
[White "Moranda,W"]
[Black "Kanarek,M"]
[Result "1/2-1/2"]
[WhiteElo "2533"]
[BlackElo "2349"]

1.d4 Nf6 2.c4 g6 3.Nc3 Bg7 4.e4 d6 5.Nf3 O-O 6.Be2 e5 7.Be3 exd4 8.Nxd4 Re8
9.f3 c6 10.Bf2 d5 11.exd5 cxd5 12.O-O Nc6 13.c5 Nh5 14.Qd2 Be5 15.g3 Ng7
16.Rfd1 Ne6 17.Nxe6 Bxe6 18.f4 Bg7 19.Nb5 Bf8 20.Rac1 a6 21.Nd4 Nxd4 22.Bxd4 Bf5
23.b4 Qd7 24.Re1 Be4 25.Bf1 h5 26.Re3 Bh6 27.Rb3 h4 28.b5 hxg3 29.hxg3 axb5
30.Qh2 Bg7 31.Bxg7 Kxg7 32.Bxb5 Qg4 33.Bxe8 Rxe8 34.Qb2+ Kg8 35.Re1 Rc8 36.Qf2 Qh3
37.Qh2 Qxh2+ 38.Kxh2 Rxc5 39.Re2 f5 40.Rxb7 Rc1 41.Kh3 d4 42.Rd7 d3 43.Rb2 Rh1+
44.Rh2 Re1 45.a4 Kf8 46.a5 Ke8 47.Rd4 Ke7 48.a6 Ra1 49.Kh4 Rxa6 50.Kg5 Rd6
51.Rxd6 Kxd6 52.Kxg6  1/2-1/2

[Event "Open"]
[Site "Herzliya ISR"]
[Date "2008.09.11"]
[Round "8"]
[White "Khmelniker,I"]
[Black "Shutzman,J"]
[Result "1-0"]
[WhiteElo "2448"]
[BlackElo "2318"]

1.d4 Nf6 2.c4 g6 3.Nc3 Bg7 4.e4 d6 5.Nf3 O-O 6.Be2 e5 7.O-O Na6 8.Re1 c6
9.Bf1 Bg4 10.d5 Nb4 11.Be2 a5 12.Bg5 Na6 13.h3 Bd7 14.Nd2 h6 15.Be3 c5 16.Nf1 Kh7
17.Qd2 Qe7 18.Ng3 Ng8 19.a3 h5 20.Bd3 Rae8 21.Bc2 Bh6 22.Nge2 Bxe3 23.Qxe3 Nh6
24.f4 exf4 25.Nxf4 Nf5 26.Qf2 Nd4 27.Rad1 Qg5 28.Bb1 Re7 29.e5 dxe5 30.Nxg6 fxg6
31.Qxf8 Bxh3 32.Be4 Bg4 33.Rd3 Rg7 34.Qf2 Nc7 35.Qe3 Qh4 36.Qg3 Qg5 37.Bf3 Nf5
38.Qxe5 Re7 39.Ne4 Qh4 40.Qc3 Nd4 41.Bxg4 hxg4 42.g3 Qh6 43.Nf6+ Kg7 44.Rxe7+ Kxf6
45.Rxc7  1-0

[Event "Open"]
[Site "Herzliya ISR"]
[Date "2008.09.12"]
[Round "9"]
[White "Porat,Ma"]
[Black "Bitran,D"]
[Result "1-0"]
[WhiteElo "2137"]
[BlackElo "2174"]

1.d4 Nf6 2.c4 g6 3.Nc3 Bg7 4.e4 O-O 5.Nf3 d6 6.Be2 e5 7.O-O Na6 8.Re1 exd4
9.Nxd4 Ng4 10.Bxg4 Bxg4 11.Qxg4 Bxd4 12.Bg5 Qc8 13.Qh4 f6 14.Bh6 Rf7 15.Nb5 Bc5
16.Qg3 Qe6 17.b3 Re8 18.Kf1 Nb4 19.Re2 Nc6 20.Rd1 Rfe7 21.Be3 Bxe3 22.Rxe3 f5
23.c5 Qf6 24.Rf3 Rxe4 25.Nxc7 Qb2 26.Re3 Qc2 27.Rde1 Qd3+ 28.Kg1 Qd2 29.Rf1 f4
30.Nxe8 fxg3 31.Rxe4 gxf2+ 32.Rxf2 Qc1+ 33.Rf1 Qxc5+ 34.Kh1 Ne5 35.Nf6+ Kg7
36.Ne8+ Kg8 37.Nf6+ Kh8 38.h3 h5 39.Ree1 Qc2 40.Rc1 Qe2 41.h4 Nd3 42.Rc8+ Kg7
43.Rg8+ Kf7 44.Kg1 Qe3+ 45.Kh2 Nf2 46.Rc8 Qe2 47.Kg1 Nd3 48.Nd5+ Kg7 49.Rc7+ Kh6
50.Nf6 g5 51.Ng8+  1-0

[Event "Open"]
[Site "Herzliya ISR"]
[Date "2008.09.12"]
[Round "9"]
[White "Zoler,D"]
[Black "Kantsler,B"]
[Result "1/2-1/2"]
[WhiteElo "2461"]
[BlackElo "2487"]

1.d4 d6 2.Nf3 g6 3.c4 Bg7 4.Nc3 Nf6 5.e4 O-O 6.Be2 e5 7.Be3 h6 8.O-O Ng4
9.Bc1 Nc6 10.d5 Ne7 11.h3 Nf6 12.Ne1 Nd7 13.Bd2 f5 14.Nd3 Nf6 15.exf5 Nxf5
16.Re1 Nd4  1/2-1/2

[Event "IV Geller Memorial"]
[Site "Odessa UKR"]
[Date "2008.09.12"]
[Round "4"]
[White "Reshetkov,K"]
[Black "Golubev,M"]
[Result "0-1"]
[WhiteElo "2138"]
[BlackElo "2480"]

1.d4 Nf6 2.c4 g6 3.Nc3 Bg7 4.e4 d6 5.Nf3 O-O 6.Be2 Na6 7.O-O e5 8.Be3 Ng4
9.Bg5 Qe8 10.h3 h6 11.Bh4 Nf6 12.dxe5 dxe5 13.Nd5 Nxe4 14.Be7 c6 15.Bxf8 Qxf8
16.Ne3 f5 17.a3 Nac5 18.Qc2 f4 19.Ng4 Bf5 20.Nh4 Ne6 21.Rad1 Rd8 22.Rxd8 Qxd8
23.Nxf5 gxf5 24.Bd3 Nd4 25.Qd1 Qg5 26.Nh2 Nc5 27.b4 Nxd3 28.Qxd3 e4 29.Qd2 e3
30.fxe3 fxe3 31.Qd3 Qg3 32.Rxf5 Qd6 33.Qe4 Ne2+  0-1

[Event "DMP Ekstraliga"]
[Site "Karpacz POL"]
[Date "2008.09.13"]
[Round "8"]
[White "Szymanski,M"]
[Black "Fraczek,Dan"]
[Result "1-0"]
[WhiteElo "2412"]
[BlackElo "2351"]

1.d4 Nf6 2.c4 g6 3.Nc3 Bg7 4.e4 d6 5.Nf3 O-O 6.Be2 Nbd7 7.O-O e5 8.Re1 c6
9.Bf1 Ng4 10.h3 exd4 11.Nxd4 Qb6 12.Qxg4 Bxd4 13.Qe2 Re8 14.Bf4 Be5 15.Be3 Qc7
16.Qc2 Nc5 17.b4 Ne6 18.Rad1 a5 19.b5 Qe7 20.Na4 Qf6 21.Nb6 Rb8 22.Rb1 Qg7
23.Red1 Bd4 24.Qd2 Bxe3 25.Qxe3 Nc5 26.f3 Qe5 27.Qd2 f5 28.Nxc8 Rbxc8 29.exf5 Qxf5
30.Qxd6 Re3 31.bxc6 Rxc6 32.Qb8+ Rc8 33.Rd8+ Rxd8 34.Qxd8+ Kf7 35.Rb5 Re5
36.Qc7+ Kf6 37.Qxa5 Qf4 38.Qd8+ Kg7 39.Rb1 h5 40.Kh1 h4 41.Rd1 Qg3 42.Qc7+ Kh6
43.Qf7 Ne6 44.Qf6 Qf4 45.Qh8+ Kg5 46.Qb8 Ng7 47.Qd8+ Qf6 48.f4+  1-0

[Event "61st ch-RUS HL"]
[Site "Novokuznetsk RUS"]
[Date "2008.09.13"]
[Round "10"]
[White "Iskusnyh,S"]
[Black "Pokazanjev,N"]
[Result "1/2-1/2"]
[WhiteElo "2499"]
[BlackElo "2442"]

1.d4 Nf6 2.c4 g6 3.Nc3 Bg7 4.e4 d6 5.Nf3 O-O 6.Be2 e5 7.Be3 exd4 8.Nxd4 Re8
9.f3 c6 10.Bf2 d5 11.exd5 cxd5 12.O-O Nc6 13.c5 Nh5 14.Qd2 Be5 15.g3 Ng7
16.Rfd1 a6 17.Bf1 Be6 18.Nce2 Nf5 19.Rac1 Bg7 20.Nxf5 Bxf5 21.Nd4 Bd7 22.Nxc6 bxc6
23.Bd4 a5 24.Re1 Rxe1 25.Rxe1 Rb8 26.a3 Rb3 27.Kf2 Bf5 28.Re3 Bxd4 29.Qxd4 Qb8
30.Rxb3 Qxb3 31.Be2 Qc2 32.g4 Bc8 33.Qc3 Qxc3 34.bxc3 f6 35.Ke3 Kf7 36.Kd4 g5
37.Bd3 h6 38.c4 dxc4 39.Be4 Bb7 40.Kxc4 Ke6 41.Kb3 Kd7 42.Ka4 Kc7 43.Kxa5 Bc8
44.Kb4 Kb7 45.Kc3 Bd7 46.Bd3 Ka7 47.Kd4 Kb7 48.Ke3 Ka7 49.Kf2 Bc8 50.Ke3 Ba6
51.Bg6 Bc4 52.Be4 Bb5 53.f4 Ka6 54.fxg5 hxg5 55.Bf3 Ba4 56.Be2+ Ka5 57.Bd3 Bb3
58.Be4 Kb5 59.Kd4 Bd1 60.a4+ Bxa4 61.Bd3+ Kb4 62.Be4 Kb5 63.Bd3+ Kb4 64.Bf5 Bd1
65.Be4 Kb5 66.Bd3+ Kb4 67.Be4 Kb5 68.Bd3+ Kb4 69.Be4 Kb5  1/2-1/2

[Event "IV Geller Memorial"]
[Site "Odessa UKR"]
[Date "2008.09.13"]
[Round "5"]
[White "Khachatryan,V2"]
[Black "Stets,D"]
[Result "0-1"]
[WhiteElo "2102"]
[BlackElo "2420"]

1.d4 Nf6 2.c4 g6 3.Nc3 Bg7 4.e4 d6 5.Nf3 O-O 6.Be2 e5 7.d5 a5 8.h3 Na6 9.Bg5 Bd7
10.Nd2 Nc5 11.Nb3 h6 12.Nxc5 dxc5 13.Be3 b6 14.Qd2 Kh7 15.g3 Qc8 16.O-O-O Ne8
17.h4 Nd6 18.a4 f5 19.h5 g5 20.exf5 Bxf5 21.f3 e4 22.Nxe4 Nxe4 23.fxe4 Bxe4
24.Rhf1 Kh8 25.d6 Rxf1 26.Rxf1 Qd7 27.Rd1 Qxa4  0-1

[Event "Liga Nacional Ajedrez"]
[Site "Villa Martelli ARG"]
[Date "2008.09.13"]
[Round "6"]
[White "Diaz Hollemaert,N"]
[Black "Axarlian,C"]
[Result "1-0"]
[WhiteElo "2419"]
[BlackElo "2126"]

1.d4 Nf6 2.c4 g6 3.Nc3 Bg7 4.e4 d6 5.Be2 Nbd7 6.Nf3 O-O 7.O-O e5 8.Qc2 exd4
9.Nxd4 Re8 10.Rd1 Nc5 11.f3 Bd7 12.Be3 Qc8 13.Rac1 a5 14.Qd2 Na4 15.Ncb5 Bc6
16.a3 Nc5 17.b4 axb4 18.axb4 Ne6 19.Nc3 Ra3 20.Qb2 Qa8 21.Nxe6 fxe6 22.Bd4 e5
23.Bf2 b6 24.Rc2 Ra7 25.c5 bxc5 26.Qb3+ Kh8 27.bxc5 dxc5 28.Bxc5 Ra5 29.Bf2 Ra1
30.Qc4 Rxd1+ 31.Nxd1 Bd7 32.Qxc7 Rc8 33.Qa7 Qxa7 34.Rxc8+ Bxc8 35.Bxa7 Be6
36.Nb2 Kg8 37.Bb5 Kf7 38.Nd3 Nd7 39.Be3 Ke7 40.Bc1 Nb6 41.Ba3+ Kd8 42.Bc5 Nc4
43.Kf2 Kc7 44.Nb4 Nd6 45.Na6+  1-0

[Event "Liga Nacional Ajedrez"]
[Site "Villa Martelli ARG"]
[Date "2008.09.13"]
[Round "6"]
[White "Alegre,E"]
[Black "Amed,S"]
[Result "0-1"]
[WhiteElo "1819"]
[BlackElo "2099"]

1.d4 Nf6 2.c4 g6 3.Nc3 Bg7 4.e4 d6 5.Nf3 O-O 6.Be2 e5 7.d5 a5 8.O-O Na6 9.Be3 h6
10.Ne1 Nd7 11.f3 f5 12.Nd3 f4 13.Bf2 g5 14.Kh1 h5 15.g3 fxg3 16.Bxg3 Nf6
17.Rg1 Kh8 18.Qd2 Nh7 19.Bf2 Qe7 20.Be3 Bf6 21.Nf2 Bd7 22.Bf1 Rg8 23.Bh3 Raf8
24.Bxd7 Qxd7 25.Raf1 Bd8 26.Qe2 Rf7 27.Rg3 Rgf8 28.Nd3 Nb4 29.Bd2 Nc2 30.Qg2 Nd4
31.Ne1 c6 32.Ne2 cxd5 33.Nxd4 exd4 34.cxd5 Qb5 35.b3 a4  0-1

[Event "4th ch-EU"]
[Site "Liverpool ENG"]
[Date "2008.09.14"]
[Round "6"]
[White "Rudd,J"]
[Black "De Coverly,R"]
[Result "1-0"]
[WhiteElo "2345"]
[BlackElo "2082"]

1.e4 g6 2.d4 Bg7 3.c4 d6 4.Nc3 Nf6 5.Nf3 O-O 6.Be2 e5 7.O-O exd4 8.Nxd4 Re8
9.f3 Nc6 10.Be3 Nh5 11.Nd5 Nxd4 12.Bxd4 Bxd4+ 13.Qxd4 c6 14.Nc3 Qg5 15.Rad1 Bh3
16.Rf2 Nf4 17.g3 h5 18.Bf1 h4 19.g4 Bxf1 20.Rfxf1 d5 21.cxd5 cxd5 22.Kh1 h3
23.exd5 Ne2 24.Ne4 Nxd4 25.Nxg5 Nc2 26.Ne4 Ne3 27.d6 Rxe4 28.fxe4 Nxd1 29.Rxd1 f6
30.Rf1 Re8 31.d7 Rd8 32.Rd1 Kf7 33.Kg1 Ke6 34.Kf2 g5 35.Kg3 Ke5 36.Kxh3 Kxe4
37.Kg3 Ke5 38.Kf3 Ke6 39.Ke4 Rxd7 40.Rxd7 Kxd7 41.Kd5 Ke7 42.b4 Kd7 43.b5 Ke7
44.a4 Kd7 45.a5 Ke7 46.Kc5 Kd7 47.Kb4 Kd6 48.Kc4 b6 49.axb6 axb6 50.Kd4 Ke6
51.Ke4 Kd6 52.Kf5 Ke7 53.Kg6 Ke6 54.Kg7 Ke7 55.h3 Ke6 56.Kf8 f5 57.gxf5+ Kxf5
58.Kf7 Ke5 59.Kg6 Kf4 60.Kf6  1-0

[Event "II ROMGAZ Open"]
[Site "Bucharest ROU"]
[Date "2008.09.15"]
[Round "5"]
[White "Dobre,C"]
[Black "Grigore,Ge"]
[Result "0-1"]
[WhiteElo "2300"]
[BlackElo "2517"]

1.d4 Nf6 2.c4 g6 3.Nc3 Bg7 4.e4 d6 5.Nf3 O-O 6.Be2 e5 7.d5 a5 8.Bg5 h6 9.Bh4 Na6
10.Nd2 Bd7 11.O-O Nc5 12.Qc2 c6 13.b3 Qb6 14.a3 Rfc8 15.Qb2 g5 16.Bg3 h5
17.h4 Bh6 18.Kh2 Ng4+ 19.Bxg4 hxg4 20.h5 Nd3 21.Qc2 Nf4 22.dxc6 Rxc6 23.Rfd1 Kg7
24.Nf1 Rh8 25.Ne3 Kg8 26.b4 Bf8 27.Ncd5 Rxh5+ 28.Kg1 Qd8 29.Qd2 Kg7 30.f3 gxf3
31.gxf3 Nxd5 32.cxd5 Ra6 33.Kg2 axb4 34.axb4 Qa8 35.Rxa6 Qxa6 36.Ng4 Be7
37.Qb2 f6 38.Ra1 Qb5 39.Ra5 Qc4 40.Ne3 Qd3 41.Ra3 Qb5 42.Ra5 Bh3+ 43.Kg1 Qb6
44.Bf2 Qd8 45.Qa3 Rh8 46.b5 Kg6 47.Nf5 Bxf5 48.exf5+ Kf7 49.Qc3 Rh3 50.Ra4 Qd7
51.Qd3 Qc8 52.Kg2 Qh8 53.Bg1 Rh1 54.b6 Bd8 55.Qe3 Qh3+ 56.Kf2 Qxf5 57.Ra7 Qc2+
58.Kf1 Qb1+  0-1

[Event "Autumn-3"]
[Site "Alushta UKR"]
[Date "2008.09.16"]
[Round "5"]
[White "Shtyrenkov,V"]
[Black "Kutynec,V"]
[Result "1/2-1/2"]
[WhiteElo "2348"]
[BlackElo "2281"]

1.d4 Nf6 2.c4 g6 3.Nc3 Bg7 4.e4 d6 5.Nf3 O-O 6.Be2 e5 7.dxe5 dxe5 8.Qxd8 Rxd8
9.Bg5 c6 10.Nxe5 Re8 11.O-O-O Na6 12.f4 Nc5  1/2-1/2

[Event "4th ch-EU"]
[Site "Liverpool ENG"]
[Date "2008.09.16"]
[Round "8"]
[White "Peek,Mar"]
[Black "Bennett,P"]
[Result "1-0"]
[WhiteElo "2370"]
[BlackElo "2120"]

1.d4 Nf6 2.c4 g6 3.Nc3 Bg7 4.e4 d6 5.Nf3 O-O 6.Be2 e5 7.O-O Na6 8.Re1 Qe8
9.Bf1 Bd7 10.Rb1 exd4 11.Nxd4 Nc5 12.f3 a6 13.Be3 Ne6 14.Nc2 Nh5 15.Qd2 f5
16.exf5 gxf5 17.Nd5 Qf7 18.Bf2 Nf6 19.Nce3 Rae8 20.Nxf5 Nxd5 21.Nxg7 Qxg7
22.cxd5 Ng5 23.Kh1 Bf5 24.Rbc1 h6 25.Bd4 Qd7 26.Bc3 Kh7 27.Ba5 b6 28.Bc3 a5
29.Qd4 Rg8 30.Rxe8 Qxe8 31.Re1 Qf8 32.Bd3 Bg6 33.Bxg6+ Kxg6 34.h4  1-0

[Event "IV Geller Memorial"]
[Site "Odessa UKR"]
[Date "2008.09.16"]
[Round "8"]
[White "Stolpovsky,S"]
[Black "Garifulin,A"]
[Result "0-1"]
[WhiteElo "2133"]
[BlackElo "2288"]

1.d4 Nf6 2.c4 g6 3.Nc3 Bg7 4.e4 O-O 5.Nf3 d6 6.Be2 e5 7.d5 a5 8.O-O Na6 9.Qc2 Nh5
10.Bg5 Qe8 11.Nb5 f5 12.Bd2 b6 13.a3 Nf4 14.Bxf4 exf4 15.exf5 Bxf5 16.Bd3 Bxd3
17.Qxd3 Bxb2 18.Rae1 Qd7 19.Re2 Bf6 20.Qd2 g5 21.Nfd4 Nc5 22.Rfe1 Rae8 23.h3 Be5
24.Nf3 Qg7 25.Nbd4 Kh8 26.Qc2 Rg8 27.Nf5 Qf6 28.g4 fxg3 29.fxg3 g4 30.Nxe5 dxe5
31.h4 e4 32.Rf1 Rgf8 33.Kg2 Qe5 34.Qb2 Qxb2 35.Rxb2 h5 36.d6 cxd6 37.Rxb6 Re6
38.Rxd6 Rxd6 39.Nxd6 Rf3 40.Re1 e3 41.Rf1 e2 42.Re1 Re3 43.Nf5 Re4 44.Nd6 Re6
45.Nf7+ Kg7 46.Ng5 Re7  0-1

[Event "EYb18"]
[Site "Herceg Novi MNE"]
[Date "2008.09.18"]
[Round "4"]
[White "Volodin,Alek"]
[Black "Levin,Ev"]
[Result "1-0"]
[WhiteElo "2397"]
[BlackElo "2488"]

1.d4 g6 2.c4 Bg7 3.Nf3 d6 4.Nc3 Nf6 5.e4 O-O 6.Be2 e5 7.O-O Nbd7 8.dxe5 dxe5
9.Qc2 c6 10.Rd1 Qe7 11.b3 Re8 12.h3 Nh5 13.Bf1 Nf8 14.Bg5 Bf6 15.Be3 Ne6
16.g3 Bg7 17.Bg2 h6 18.Rab1 Qf6 19.Ne2 Bf8 20.c5 Ng5 21.Nxg5 hxg5 22.b4 Nf4
23.gxf4 gxf4 24.Nxf4 exf4 25.Bd4 Qg5 26.Qc3 Be7 27.a3 Be6 28.Rd3 Rad8 29.Rbd1 Rd7
30.Bh8 f6 31.Rxd7 Bxd7 32.Rxd7 Kxh8 33.Rxb7 a5 34.Kh1 axb4 35.axb4 Bf8 36.Qd3 Ra8
37.Qd4 Bg7 38.b5 cxb5 39.Qd7 Qh6 40.c6 f3 41.Bxf3 f5 42.Kg2 fxe4 43.Bg4  1-0